00469nam a2200145Ia 4500008004100000100002500041245006500066245004200131260003900173260000900212300001000221650001800231650001500249856005900264170221s9999 xx 000 0 und d aTheodora, Maniou, A. a‘Selfie Journalism’: Current Practices in Digital Media  cManiou, A. Theodora, Veglis, Andreas. bStudies in Media and Communication c2016 a4 : 1 xCommunication xMedia Arts uhttp://redfame.com/journal/index.php/smc/issue/view/58